000 00682cam a2200241 a 4500
008
020 _a0471889083 (pbk.)
049 _aMAIN
090 _aQA279
_bMON
100 1 _aMontgomery, Douglas C.
245 1 0 _aDesign and analysis of experiments /
_cDouglas C. Montgomery.
250 _a2nd ed.
260 _aNew York :
_bWiley,
_cc1984.
300 _axvi, 538 p. ;
_c24 cm.
504 _aIncludes bibliographical references.
500 _aIncludes Index.
650 0 _aExperimental design.
907 _a.b10057675
_b17-01-18
_c17-04-03
003
005 20230123133501.0
040 _cNUST
942 _cBOOKS
_kQA279
_mMON
999 _c149383
_d149383